000 00591 a2200181 4500
003 OSt
005 20230818135313.0
008 230818b |||||||| |||| 00| 0 eng d
020 _a9789354535383
040 _coclc
082 _a658.1511
_bMAH/T
100 _aMaheshwari, S N
_91048
245 _aA TEXTBOOK OF ACCOUNTING FOR MANAGEMENT /
_cS N Maheshwari, Suneel K Maheshwari, Sharad K Maheshwari
250 _a 5ED
260 _aNew Delhi:
_bVikas Publishing House,
_c2023.
300 _aMultipagination
942 _2ddc
_cBK
_h658.1511
_iMAH/T
_k658.1511
_mMAH/T
999 _c41927
_d41927